Artists That Have Worked with Obie Trice - Statistics

General Stats
  • This quiz has been taken 2 times
  • The average score is 11 of 35
Answer Stats
Artist % Correct
50 Cent
100%
Busta Rhymes
100%
D12
100%
Dr Dre
100%
Eminem
100%
80 Empire
50%
DMX
50%
Don Bigg
50%
J. Cole
50%
King Gordy
50%
Lazarus
50%
Nate Dogg
50%
Proof
50%
Royce Da5'9
50%
Swifty McVay
50%
The Game
50%
Xzibit
50%
Akon
0%
Big Herk
0%
Bobby Creekwater
0%
Brick & Lace
0%
Drey Skonie
0%
Estelle
0%
Gwenation
0%
Jaguar Wright
0%
J-Hill
0%
Kon Artis
0%
Lloyd Banks
0%
MC Breed
0%
Tone Tone
0%
Tony Yayo
0%
Trey Songz
0%
Trick Trick
0%
Young Buck
0%
Young Zeether
0%
No matching quizzes found
Score Distribution
Percent of People with Each Score
Percentile by Number Answered
Your Score History
You have not taken this quiz